[Event "6MCR_4D_2L_2S"]
[Site "?"]
[Date "2004.??.??"]
[Round "?"]
[White "Bultman, Milan"]
[Black "Ryska, Jiri"]
[Result "0-1"]
[WhiteElo "2141"]
[BlackElo "2095"]
[PlyCount "81"]
[EventDate "2004.??.??"]
[EventType "corr"]
[SourceDate "2004.06.03"]

1. d4 Nf6 2. c4 Nc6 3. Nc3 e6 4. e4 Bb4 5. e5 Ne4 6. Qd3 f5 7. exf6 Nxf6 8. a3
Bxc3+ 9. Qxc3 d6 10. Nf3 O-O 11. Be2 e5 12. dxe5 dxe5 13. Be3 Bg4 14. Rd1 Qe8
15. h3 Bxf3 16. Bxf3 Nd4 17. Bxb7 Rb8 18. Bf3 Rb3 19. Qd2 Nxf3+ 20. gxf3 Qh5
21. Qe2 Qg6 22. Bxa7 Qg2 23. Rf1 Rxf3 24. Rd3 e4 25. Rxf3 exf3 26. Qd3 Re8+ 27.
Be3 Re7 28. c5 Rd7 29. Qc2 c6 30. b4 Kh8 31. b5 cxb5 32. c6 Rc7 33. Qc5 Rc8 34.
Qxb5 Qg6 35. Qb3 Rxc6 36. Qd1 Rc3 37. Qxf3 Rb3 38. Qc6 Qb1+ 39. Bc1 Rb2 40.
Qc8+ Ng8 41. f3 0-1

[Event "6MCR_4D_2L_2S"]
[Site "?"]
[Date "2004.??.??"]
[Round "?"]
[White "Hrdy, Roman"]
[Black "Binas, Jindrich"]
[Result "1-0"]
[WhiteElo "2224"]
[BlackElo "2175"]
[PlyCount "55"]
[EventDate "2004.??.??"]
[EventType "corr"]
[SourceDate "2004.06.03"]

1. e4 c5 2. Nf3 Nc6 3. d4 cxd4 4. Nxd4 Nf6 5. Nc3 e5 6. Ndb5 d6 7. Bg5 a6 8.
Na3 b5 9. Nd5 Qa5+ 10. Bd2 Qd8 11. c4 Nxe4 12. cxb5 Be6 13. Bc4 Ne7 14. Be3 Rc8
15. Nb6 d5 16. Nxc8 Nxc8 17. Bd3 Qa5+ 18. Kf1 Bxa3 19. bxa3 O-O 20. Bxe4 dxe4
21. a4 Rd8 22. Qc2 axb5 23. axb5 Qxb5+ 24. Kg1 f5 25. a4 Qe8 26. h4 Rd3 27. Qc7
f4 28. Bc5 1-0

[Event "6MCR_4D_2L_2S"]
[Site "?"]
[Date "2004.??.??"]
[Round "?"]
[White "Hrdy, Roman"]
[Black "Bultman, Milan"]
[Result "1-0"]
[WhiteElo "2224"]
[BlackElo "2141"]
[PlyCount "109"]
[EventDate "2004.??.??"]
[EventType "corr"]
[SourceDate "2004.06.03"]

1. e4 c5 2. Nf3 d6 3. d4 cxd4 4. Nxd4 Nf6 5. Nc3 Nc6 6. Be2 g6 7. O-O Nxd4 8.
Qxd4 Bg7 9. Be3 O-O 10. Qd3 a6 11. Bd4 b5 12. a3 Bb7 13. f4 Re8 14. Qe3 Qd7 15.
Rad1 Rac8 16. e5 Nd5 17. Nxd5 Bxd5 18. c3 dxe5 19. fxe5 Bc4 20. Rf2 Bxe2 21.
Rxe2 Qe6 22. Rf1 Rcd8 23. Qe4 Rd5 24. Rf3 Rf8 25. h4 a5 26. h5 Rfd8 27. Qf4 b4
28. axb4 axb4 29. h6 Bh8 30. Ref2 bxc3 31. Bxc3 Rf8 32. Re3 Rd1+ 33. Rf1 Rxf1+
34. Kxf1 Rd8 35. Re1 Qb6 36. Qe3 Qb3 37. Kg1 e6 38. Qa7 Rf8 39. Ra1 Qb5 40. Qe3
Rd8 41. b4 Qb8 42. Ra5 Rd1+ 43. Kf2 Qd8 44. Ke2 Rd5 45. Qe4 Qc8 46. Qf3 Rd8 47.
Kf2 Qb8 48. Qe3 Rd7 49. Qc5 Qd8 50. Ke2 Qe8 51. Qb5 f5 52. Qa4 Rd8 53. Qxe8+
Rxe8 54. b5 Rb8 55. Bd4 1-0

[Event "6MCR_4D_2L_2S"]
[Site "?"]
[Date "2004.??.??"]
[Round "?"]
[White "Hrdy, Roman"]
[Black "Mateka, Petr"]
[Result "1-0"]
[WhiteElo "2224"]
[BlackElo "1899"]
[PlyCount "143"]
[EventDate "2004.??.??"]
[EventType "corr"]
[SourceDate "2004.06.03"]

1. e4 e5 2. Nf3 Nc6 3. Bb5 a6 4. Ba4 Nf6 5. O-O Be7 6. Re1 b5 7. Bb3 O-O 8. c3
d6 9. h3 Na5 10. Bc2 c5 11. d4 Qc7 12. Nbd2 Nc6 13. d5 Na5 14. Nf1 Nc4 15. g4
Nb6 16. Ng3 Bd7 17. Nf5 Bd8 18. N3h4 g6 19. Nh6+ Kg7 20. Ng2 Rb8 21. Qf3 Be7
22. Qg3 c4 23. f4 Kxh6 24. fxe5+ Kg7 25. Bh6+ Kxh6 26. g5+ Kg7 27. gxf6+ Bxf6
28. exf6+ Kxf6 29. Nf4 Rg8 30. Kh2 Kg7 31. Nh5+ Kh8 32. Nf6 Rg7 33. e5 Qd8 34.
Qf4 dxe5 35. Qxe5 Qf8 36. b4 Rd8 37. Qc7 Na8 38. Qc5 Bf5 39. Bxf5 gxf5 40. d6
Rg6 41. d7 Qxc5 42. bxc5 Nc7 43. Re8+ Nxe8 44. dxe8=Q+ Rxe8 45. Nxe8 Rc6 46. a4
Rxc5 47. axb5 axb5 48. Rb1 Re5 49. Nd6 Re2+ 50. Kg1 Re3 51. Nxb5 Rxh3 52. Rb4
Kg7 53. Kg2 Re3 54. Rxc4 h5 55. Kf2 Re5 56. Nd4 Kg6 57. Nf3 Re6 58. Rc7 Re4 59.
c4 Kf6 60. c5 Rc4 61. Rc6+ Ke7 62. Ne5 Rc3 63. Ke2 f4 64. Kd2 Rg3 65. Rh6 Rg5
66. Nd3 f3 67. Ke3 Rf5 68. c6 Kd8 69. Kf2 Kc7 70. Nb4 Kb6 71. Rd6 Rc5 72. Rd7
1-0

[Event "6MCR_4D_2L_2S"]
[Site "?"]
[Date "2004.??.??"]
[Round "?"]
[White "Hrdy, Roman"]
[Black "Nedoma, Petr"]
[Result "1/2-1/2"]
[WhiteElo "2224"]
[BlackElo "2269"]
[PlyCount "111"]
[EventDate "2004.??.??"]
[EventType "corr"]
[SourceDate "2004.06.03"]

1. e4 e5 2. Nf3 d6 3. d4 exd4 4. Nxd4 a6 5. Bd3 Be7 6. O-O Bf6 7. c3 Ne7 8. Be3
Nbc6 9. Nd2 O-O 10. N2f3 Re8 11. Re1 Bg4 12. Qc2 Nxd4 13. Nxd4 Ng6 14. h3 Bd7
15. a4 Bg5 16. Nf3 Bxe3 17. Rxe3 Bc6 18. Nd4 Bd7 19. Rae1 Ne5 20. Bf1 Qf6 21.
a5 Re7 22. Qb3 Bc8 23. Qd1 Bd7 24. g3 g5 25. Qh5 Rae8 26. b4 h6 27. Be2 Kg7 28.
Rd1 c5 29. Nf3 cxb4 30. cxb4 Ng6 31. Red3 Ba4 32. Rxd6 Re6 33. Rxe6 Rxe6 34.
Rd4 Bc6 35. h4 Bxe4 36. hxg5 hxg5 37. Rd2 Qc3 38. Rd1 Bxf3 39. Bxf3 Qxb4 40.
Qxg5 Re5 41. Qd8 Qxa5 42. Qxa5 Rxa5 43. Bxb7 Ra3 44. Kg2 a5 45. Be4 Nf8 46. Bf5
a4 47. Rd4 Ra2 48. g4 Ne6 49. Bxe6 fxe6 50. Rd6 Kf6 51. Kg3 Rb2 52. Ra6 Rb3+
53. f3 a3 54. Kf4 Rb4+ 55. Ke3 Rb3+ 56. Ke4 1/2-1/2

[Event "6MCR_4D_2L_2S"]
[Site "?"]
[Date "2004.??.??"]
[Round "?"]
[White "Hrdy, Roman"]
[Black "Pytlik, Lesek"]
[Result "1/2-1/2"]
[WhiteElo "2224"]
[BlackElo "2348"]
[PlyCount "80"]
[EventDate "2004.??.??"]
[EventType "corr"]
[SourceDate "2004.06.03"]

1. e4 e6 2. d4 d5 3. e5 c5 4. Nc3 Nc6 5. Nf3 cxd4 6. Nb5 Bc5 7. a3 a6 8. b4 Bb6
9. Nbxd4 Bxd4 10. Nxd4 Nxe5 11. Bb2 Ng6 12. h4 e5 13. h5 N6e7 14. Nb3 Qc7 15.
Qf3 f6 16. c4 d4 17. Bc1 f5 18. Qg3 Nc6 19. h6 g6 20. Bg5 a5 21. b5 f4 22. Qf3
Nd8 23. Bxd8 Qxd8 24. Bd3 Nf6 25. Nc5 O-O 26. Ne4 Rf7 27. Nxf6+ Qxf6 28. Be4
Qe7 29. O-O Be6 30. Rac1 Rc8 31. Rfe1 Rc5 32. Bd5 Bxd5 33. cxd5 Rxb5 34. a4 Rb6
35. Qe4 Rd6 36. Rc4 Qd7 37. Qxe5 Rxd5 38. Rc8+ Qxc8 39. Qxd5 Qd7 40. Qc4 d3
1/2-1/2

[Event "6MCR_4D_2L_2S"]
[Site "?"]
[Date "2004.??.??"]
[Round "?"]
[White "Hrdy, Roman"]
[Black "Ryska, Jiri"]
[Result "1-0"]
[WhiteElo "2224"]
[BlackElo "2095"]
[PlyCount "123"]
[EventDate "2004.??.??"]
[EventType "corr"]
[SourceDate "2004.06.03"]

1. e4 e5 2. Nf3 Nc6 3. Bb5 a6 4. Ba4 Nf6 5. O-O Be7 6. Re1 b5 7. Bb3 d6 8. c3
O-O 9. h3 Nb8 10. d4 Nbd7 11. Nbd2 Bb7 12. Bc2 Re8 13. Nf1 Bf8 14. Ng3 g6 15.
b3 Bg7 16. d5 Qc8 17. Be3 c6 18. c4 h6 19. Qd2 Kh7 20. Red1 c5 21. a3 bxc4 22.
bxc4 Qc7 23. Rab1 Reb8 24. Ba4 Bc8 25. Qc2 Rxb1 26. Rxb1 Rb8 27. Rxb8 Nxb8 28.
Bd2 Nbd7 29. Qd3 Nb8 30. Bd1 Qb6 31. a4 Qb7 32. a5 Nbd7 33. Ne2 Nb8 34. Ne1
Nbd7 35. Kh2 Ng8 36. Bc2 Ndf6 37. Bc3 Ne7 38. f4 Nd7 39. Nf3 exf4 40. Nxf4 Bxc3
41. Qxc3 f6 42. Ne6 Qb8 43. Qe3 Ne5 44. Nxe5 fxe5 45. Nxc5 dxc5 46. Qxc5 Ng8
47. Qf8 Kh8 48. c5 Qb2 49. Bd1 Qc1 50. Qxc8 Qf4+ 51. Kg1 Qxe4 52. Qxa6 Qe1+ 53.
Kh2 Qxd1 54. Qc4 Nf6 55. d6 Kg7 56. a6 g5 57. a7 Qa1 58. c6 e4 59. Qc5 g4 60.
d7 g3+ 61. Kxg3 Qe1+ 62. Kf4 1-0

[Event "6MCR_4D_2L_2S"]
[Site "?"]
[Date "2004.??.??"]
[Round "?"]
[White "Mateka, Petr"]
[Black "Binas, Jindrich"]
[Result "1-0"]
[WhiteElo "1899"]
[BlackElo "2175"]
[PlyCount "59"]
[EventDate "2004.??.??"]
[EventType "corr"]
[SourceDate "2004.06.03"]

1. e4 c5 2. Nf3 Nc6 3. d4 cxd4 4. Nxd4 Nf6 5. Nc3 e5 6. Ndb5 d6 7. Nd5 Nxd5 8.
exd5 Nb8 9. Bd3 Be7 10. c4 O-O 11. O-O f5 12. Re1 Nd7 13. a3 a6 14. Nc3 e4 15.
Be2 Bf6 16. Bf4 Ne5 17. Rc1 Ng6 18. Be3 Bxc3 19. Rxc3 f4 20. Bd4 Qg5 21. Kh1
Bd7 22. c5 Nh4 23. Rg1 Nf5 24. c6 Bc8 25. Bb6 Re8 26. Re1 Re5 27. Bf1 bxc6 28.
dxc6 d5 29. Bc7 Re6 30. Rc5 1-0

[Event "6MCR_4D_2L_2S"]
[Site "?"]
[Date "2004.??.??"]
[Round "?"]
[White "Mateka, Petr"]
[Black "Bultman, Milan"]
[Result "1-0"]
[WhiteElo "1899"]
[BlackElo "2141"]
[PlyCount "80"]
[EventDate "2004.??.??"]
[EventType "corr"]
[SourceDate "2004.06.03"]

1. e4 c5 2. Nf3 d6 3. d4 cxd4 4. Nxd4 Nf6 5. Nc3 Nc6 6. Bc4 Bd7 7. O-O g6 8.
Nd5 Bg7 9. Nxc6 bxc6 10. Nxf6+ Bxf6 11. Qe2 Qc7 12. Re1 O-O 13. c3 Bg7 14. Bf4
a5 15. Bg5 a4 16. Rad1 Bc8 17. Qd3 Ra5 18. Bf4 Kh8 19. Qe3 f5 20. exf5 Raxf5
21. Bg3 Bf6 22. h3 Bg5 23. Qd4+ R5f6 24. Bf1 e5 25. Qxa4 Bf4 26. Bxf4 Rxf4 27.
Qa3 Rxf2 28. Qxd6 Qxd6 29. Rxd6 Rxb2 30. a4 Ra2 31. Rxc6 Rxa4 32. Bb5 Ra5 33.
Rc5 Kg7 34. c4 Rd8 35. Rcxe5 h6 36. Re8 Rxe8 37. Rxe8 Bf5 38. g4 Bc2 39. Re2
Bb1 40. Re1 Ba2 1-0

[Event "6MCR_4D_2L_2S"]
[Site "?"]
[Date "2004.??.??"]
[Round "?"]
[White "Mateka, Petr"]
[Black "Hrdy, Roman"]
[Result "1/2-1/2"]
[WhiteElo "1899"]
[BlackElo "2224"]
[PlyCount "100"]
[EventDate "2004.??.??"]
[EventType "corr"]
[SourceDate "2004.06.03"]

1. e4 c5 2. Nf3 d6 3. d4 cxd4 4. Nxd4 Nf6 5. Nc3 a6 6. Be2 e6 7. O-O Be7 8. Qd3
O-O 9. Qg3 Kh8 10. Rd1 Qc7 11. Nb3 Nc6 12. Bf4 Ne5 13. a4 b6 14. Be3 Bb7 15.
Nd2 Rac8 16. Kh1 Nfd7 17. Bd4 Bf6 18. Nf1 Rfd8 19. Ne3 Nc6 20. Bxf6 Nxf6 21.
Kg1 Na5 22. Rd4 Qe7 23. Ng4 e5 24. Rb4 Nxg4 25. Bxg4 Rc5 26. Rxb6 Qc7 27. Rb4
Nc6 28. Nd5 Rxd5 29. Rxb7 Qxb7 30. exd5 Qxb2 31. Qa3 Qxa3 32. Rxa3 Nb4 33. Rb3
Nxd5 34. Be2 a5 35. Bc4 Nb4 36. Bxf7 g5 37. c3 Nd3 38. Rb5 Rf8 39. Bd5 Rxf2 40.
Rxa5 Rc2 41. Ra8+ Kg7 42. Ra7+ Kf8 43. g3 Rxc3 44. Rxh7 Rc5 45. Be4 Rc1+ 46.
Kg2 Nc5 47. Rh8+ Kg7 48. Rh7+ Kf6 49. Rh6+ Ke7 50. Rh7+ Kf6 1/2-1/2

[Event "6MCR_4D_2L_2S"]
[Site "?"]
[Date "2004.??.??"]
[Round "?"]
[White "Mateka, Petr"]
[Black "Nedoma, Petr"]
[Result "1/2-1/2"]
[WhiteElo "1899"]
[BlackElo "2269"]
[PlyCount "112"]
[EventDate "2004.??.??"]
[EventType "corr"]
[SourceDate "2004.06.03"]

1. e4 e5 2. Nf3 d6 3. d4 exd4 4. Nxd4 Be7 5. Nc3 Nf6 6. Bf4 O-O 7. Qd2 c6 8.
Be2 d5 9. e5 Ne8 10. O-O-O Nc7 11. Kb1 b5 12. Bf3 b4 13. Nce2 g5 14. Be3 g4 15.
Bh6 Kh8 16. Bxf8 Bxf8 17. Bxd5 Nxd5 18. h3 gxh3 19. gxh3 Bb7 20. Qd3 c5 21. Nb3
Nd7 22. f4 a5 23. Rhg1 a4 24. Nd2 Be7 25. c4 bxc3 26. Nxc3 Nxf4 27. Qf5 Ng6 28.
Nc4 Bc6 29. Qxf7 Qg8 30. Qxg8+ Rxg8 31. Na5 Ndxe5 32. Nxc6 Nxc6 33. Nxa4 c4 34.
Rge1 Rb8 35. Rd7 Bh4 36. Re6 Nce5 37. Rc7 Bf2 38. Rf6 Be3 39. Kc2 Kg8 40. Rf5
Bf4 41. Rc5 Rb4 42. Rc8+ Kg7 43. Nc5 Kh6 44. Ne6 Bh2 45. Rc5 Rb6 46. Ng5 Rb7
47. Ne4 Nd3 48. Rxc4 Nxb2 49. Rcc5 Na4 50. Rh5+ Kg7 51. Rb5 Nb6 52. Kb3 Rb8 53.
a4 Nd7 54. a5 Re8 55. Rb7 Ngf8 56. Nc5 Kg6 1/2-1/2

[Event "6MCR_4D_2L_2S"]
[Site "?"]
[Date "2004.??.??"]
[Round "?"]
[White "Mateka, Petr"]
[Black "Pytlik, Lesek"]
[Result "1/2-1/2"]
[WhiteElo "1899"]
[BlackElo "2348"]
[PlyCount "141"]
[EventDate "2004.??.??"]
[EventType "corr"]
[SourceDate "2004.06.03"]

1. e4 e6 2. d4 d5 3. Nc3 Nf6 4. Bg5 dxe4 5. Nxe4 Be7 6. Bxf6 gxf6 7. Nf3 a6 8.
c3 f5 9. Ng3 O-O 10. Qd2 Kh8 11. Qh6 Rg8 12. Ne5 Qe8 13. Qh5 Rf8 14. Nd3 Nd7
15. Be2 Rg8 16. O-O c5 17. dxc5 Nxc5 18. Ne5 Rg7 19. Rad1 Qf8 20. Qf3 f6 21.
Nd3 Bd7 22. Nxc5 Bxc5 23. Qxb7 Ba4 24. Qf3 Bxd1 25. Rxd1 Rc7 26. Nh5 Rb8 27. b3
Rd8 28. Rxd8 Qxd8 29. g3 Qc8 30. Qf4 e5 31. Qh6 Rf7 32. Bc4 Bf8 33. Qc1 Rc7 34.
Nxf6 Rc6 35. Nd5 Rd6 36. Qg5 Bg7 37. Qe7 Qc6 38. Qf7 f4 39. gxf4 exf4 40. Qxf4
Rd8 41. Qe4 Rg8 42. Qg4 Re8 43. Qg3 Qh6 44. Kf1 a5 45. a4 Qd2 46. Qd3 Qc1+ 47.
Kg2 Qg5+ 48. Qg3 Qd2 49. h4 Qc1 50. Qf3 Qh6 51. Qg4 Qc6 52. Kh2 Qc5 53. Kg1 Qc6
54. Qg3 Rf8 55. f4 Qe6 56. Kf2 Bh6 57. Qf3 Qd6 58. Ke3 Qc5+ 59. Kd2 Re8 60. Bd3
Qg1 61. Be2 Qb1 62. Bd1 Rd8 63. c4 Qb2+ 64. Bc2 Qd4+ 65. Qd3 Qf2+ 66. Kc1 Qe1+
67. Qd1 Qxh4 68. Qd4+ Bg7 69. Qd2 Re8 70. Bd1 Ra8 71. Kc2 1/2-1/2

[Event "6MCR_4D_2L_2S"]
[Site "?"]
[Date "2004.??.??"]
[Round "?"]
[White "Mateka, Petr"]
[Black "Ryska, Jiri"]
[Result "0-1"]
[WhiteElo "1899"]
[BlackElo "2095"]
[PlyCount "132"]
[EventDate "2004.??.??"]
[EventType "corr"]
[SourceDate "2004.06.03"]

1. e4 e5 2. Nf3 Nc6 3. Bb5 a6 4. Ba4 Nf6 5. O-O Be7 6. Re1 b5 7. Bb3 d6 8. c3
O-O 9. h3 Nb8 10. d4 Nbd7 11. a4 Bb7 12. Bc2 c5 13. d5 c4 14. Na3 Nc5 15. Nh2
Bc8 16. Nf1 Bd7 17. Be3 Qc7 18. Nd2 Rfb8 19. Qe2 h6 20. Ra2 Ra7 21. Rea1 Rba8
22. Qf1 Qc8 23. Nab1 Qc7 24. f4 Bc8 25. fxe5 dxe5 26. Qf2 Nfd7 27. Na3 Qd8 28.
Rd1 Qf8 29. Qg3 Kh8 30. Naxc4 bxc4 31. Nxc4 a5 32. d6 Bd8 33. Nxe5 Nxe5 34.
Qxe5 Nd7 35. Qd5 Nb6 36. Qb5 Rb8 37. Bd4 Rab7 38. b3 Nd7 39. Qd3 Qe8 40. e5 Nf8
41. Qg3 Be6 42. c4 Bb6 43. c5 Ba7 44. c6 Bxd4+ 45. Rxd4 Qxc6 46. Rd3 Nd7 47.
Kh2 Rb4 48. Re3 Qb6 49. Ra1 Bxb3 50. Rf1 Bc4 51. Rfe1 Be6 52. Rc3 Qd8 53. Qd3
Nf8 54. Re3 Rc8 55. Qd2 Rbc4 56. Bb3 Rxc3 57. Rxc3 Bxb3 58. Rxb3 Nd7 59. Qd4
Qg5 60. Rb5 Rc2 61. Qg4 Qd2 62. Qe4 g6 63. Rxa5 f5 64. Ra8+ Kg7 65. Qxc2 Qxc2
66. Ra7 f4 0-1

[Event "6MCR_4D_2L_2S"]
[Site "?"]
[Date "2004.??.??"]
[Round "?"]
[White "Nedoma, Petr"]
[Black "Binas, Jindrich"]
[Result "1-0"]
[WhiteElo "2269"]
[BlackElo "2175"]
[PlyCount "55"]
[EventDate "2004.??.??"]
[EventType "corr"]
[SourceDate "2004.06.03"]

1. Nf3 d5 2. g3 Nf6 3. Bg2 c6 4. O-O Bg4 5. d4 Nbd7 6. Nbd2 e6 7. h3 Bh5 8. b3
Bd6 9. Bb2 O-O 10. Ne5 Qc7 11. g4 Bg6 12. Nxg6 hxg6 13. c4 Be7 14. Rc1 Rfe8 15.
f4 a5 16. a3 a4 17. b4 Qb8 18. c5 b6 19. cxb6 Qxb6 20. g5 Nh5 21. e4 Bd6 22. e5
Be7 23. Qg4 Kh7 24. Rf2 Rh8 25. Nf1 Kg8 26. Ne3 Rf8 27. Bf1 Rd8 28. Bd3 1-0

[Event "6MCR_4D_2L_2S"]
[Site "?"]
[Date "2004.??.??"]
[Round "?"]
[White "Nedoma, Petr"]
[Black "Bultman, Milan"]
[Result "1-0"]
[WhiteElo "2269"]
[BlackElo "2141"]
[PlyCount "111"]
[EventDate "2004.??.??"]
[EventType "corr"]
[SourceDate "2004.06.03"]

1. Nf3 Nf6 2. g3 g6 3. Bg2 d5 4. O-O Bg7 5. d4 O-O 6. Bf4 Nbd7 7. Nc3 c6 8. Qc1
Re8 9. Re1 Qb6 10. a4 a5 11. e4 dxe4 12. Nxe4 Nxe4 13. Rxe4 c5 14. c3 cxd4 15.
cxd4 Nf6 16. Bc7 Qc6 17. Re2 Qxc1+ 18. Rxc1 Bd7 19. b3 Be6 20. Nd2 Bd5 21. Nc4
Bxg2 22. Kxg2 Nd5 23. Bxa5 Rec8 24. Bc3 Nxc3 25. Rxc3 Bxd4 26. Rd3 Bc5 27. a5
Rd8 28. Red2 Rxd3 29. Rxd3 h5 30. Rd7 Rb8 31. f4 Kg7 32. h3 Kf6 33. Kf3 Ke6 34.
Rd2 f6 35. g4 hxg4+ 36. hxg4 Bb4 37. Rd4 f5 38. Rd3 Bc5 39. g5 Rh8 40. Kg3 Rh1
41. Ne5 Rg1+ 42. Kh2 Ra1 43. Nxg6 Rxa5 44. Kg3 Rb5 45. Kh4 Bd6 46. Re3+ Kf7 47.
Kh5 Ra5 48. Kh6 Ra2 49. Nh8+ Kg8 50. Rc3 Ra8 51. Ng6 Ra6 52. Rc8+ Kf7 53. Kh7
Ra2 54. Ne5+ Ke6 55. g6 Rh2+ 56. Kg8 1-0

[Event "6MCR_4D_2L_2S"]
[Site "?"]
[Date "2004.??.??"]
[Round "?"]
[White "Nedoma, Petr"]
[Black "Hrdy, Roman"]
[Result "1/2-1/2"]
[WhiteElo "2269"]
[BlackElo "2224"]
[PlyCount "85"]
[EventDate "2004.??.??"]
[EventType "corr"]
[SourceDate "2004.06.03"]

1. Nf3 d5 2. g3 g6 3. Bg2 Bg7 4. d4 Nf6 5. O-O O-O 6. Bf4 c6 7. Nbd2 Qb6 8. Nb3
a5 9. a4 Bf5 10. Nh4 Bc8 11. Qd2 Re8 12. Bxb8 Rxb8 13. Qxa5 Qxa5 14. Nxa5 e5
15. dxe5 Ng4 16. c4 dxc4 17. Nxc4 Nxe5 18. Nd6 Rd8 19. Nxc8 Rbxc8 20. b4 Nc4
21. Rac1 Nd2 22. Rfe1 Bf8 23. b5 Bb4 24. Rc2 cxb5 25. Rxc8 Rxc8 26. axb5 Rc5
27. Bxb7 Rxb5 28. Ba6 Ra5 29. Bd3 Bc3 30. Kg2 Ra1 31. Rxa1 Bxa1 32. f4 f5 33.
h3 Bf6 34. Nf3 Nxf3 35. Kxf3 h5 36. g4 fxg4+ 37. hxg4 g5 38. gxh5 gxf4 39. Kxf4
Ba1 40. Kg5 Bc3 41. Kg6 Kh8 42. h6 Ba1 43. e4 1/2-1/2

[Event "6MCR_4D_2L_2S"]
[Site "?"]
[Date "2004.??.??"]
[Round "?"]
[White "Nedoma, Petr"]
[Black "Mateka, Petr"]
[Result "1/2-1/2"]
[WhiteElo "2269"]
[BlackElo "1899"]
[PlyCount "108"]
[EventDate "2004.??.??"]
[EventType "corr"]
[SourceDate "2004.06.03"]

1. Nf3 Nf6 2. g3 e6 3. Bg2 d5 4. O-O Be7 5. d4 O-O 6. Bg5 h6 7. Bf4 c5 8. dxc5
Bxc5 9. Nc3 Nc6 10. a3 Re8 11. Ne5 Bf8 12. e4 Nxe5 13. Bxe5 Nd7 14. Bf4 d4 15.
Ne2 e5 16. Bc1 Nc5 17. Bd2 a5 18. b4 axb4 19. axb4 Rxa1 20. Qxa1 d3 21. Nc1
dxc2 22. Qc3 Na6 23. Na2 Be6 24. Qxc2 Qd7 25. Rb1 Rd8 26. Be3 Bxb4 27. Nxb4
Nxb4 28. Qb2 Nc6 29. h4 Qe7 30. Kh2 Rd7 31. Qc3 Qe8 32. Rb5 Qa8 33. Qb2 Qc8 34.
Rc5 Kh7 35. Rd5 Bxd5 36. exd5 Ne7 37. Qxe5 Ng6 38. Qf5 Rd8 39. Qxf7 Ne5 40. Qf4
Ng4+ 41. Kg1 Nxe3 42. fxe3 Qc5 43. Kh2 b5 44. Qf5+ Kg8 45. e4 Qf8 46. Qe6+ Kh8
47. Qc6 b4 48. e5 b3 49. Qg6 Qe8 50. Qf5 Qf8 51. Qg6 b2 52. Be4 Qf2+ 53. Kh3
Qf1+ 54. Kg4 Qe2+ 1/2-1/2

[Event "6MCR_4D_2L_2S"]
[Site "?"]
[Date "2004.??.??"]
[Round "?"]
[White "Nedoma, Petr"]
[Black "Pytlik, Lesek"]
[Result "1/2-1/2"]
[WhiteElo "2269"]
[BlackElo "2348"]
[PlyCount "78"]
[EventDate "2004.??.??"]
[EventType "corr"]
[SourceDate "2004.06.03"]

1. e4 e6 2. d4 d5 3. exd5 exd5 4. Nf3 Nf6 5. Bd3 Be7 6. O-O O-O 7. Re1 Bg4 8.
Bg5 Nbd7 9. Nbd2 c5 10. h3 Bh5 11. c3 c4 12. Bf5 Bd6 13. Bxd7 Qxd7 14. Bxf6
gxf6 15. Ne5 Qf5 16. Ng4 Kh8 17. Ne3 Qg5 18. Nf3 Qh6 19. Nxd5 Rg8 20. Ne3 Rae8
21. Nf5 Rxg2+ 22. Kxg2 Qg6+ 23. Ng3 Rg8 24. Rg1 Bxg3 25. Kf1 Qf5 26. Rxg3 Rxg3
27. fxg3 Bxf3 28. Qe1 Qxh3+ 29. Kf2 Bd5 30. Ke3 Qh6+ 31. Ke2 Qh5+ 32. Kd2 Qh6+
33. Qe3 Qh2+ 34. Qe2 Qh6+ 35. Ke1 Qg6 36. Qf2 Qe4+ 37. Qe2 Qg6 38. Kd2 Qh6+ 39.
Ke1 Qg6 1/2-1/2

[Event "6MCR_4D_2L_2S"]
[Site "?"]
[Date "2004.??.??"]
[Round "?"]
[White "Nedoma, Petr"]
[Black "Ryska, Jiri"]
[Result "1-0"]
[WhiteElo "2269"]
[BlackElo "2095"]
[PlyCount "86"]
[EventDate "2004.??.??"]
[EventType "corr"]
[SourceDate "2004.06.03"]

1. Nf3 Nf6 2. g3 g6 3. Bg2 Bg7 4. O-O O-O 5. d4 d5 6. Bf4 c6 7. Nbd2 Nbd7 8. c4
dxc4 9. Nxc4 Nb6 10. b3 Bf5 11. Qc1 Be4 12. Rd1 Nbd5 13. Bh6 Nc3 14. Qxc3 Bxh6
15. Ncd2 Bd5 16. Qc2 Bg7 17. e4 Be6 18. a4 a5 19. Rac1 Rc8 20. h3 h6 21. Qd3
Rb8 22. Nc4 Qc7 23. Qe3 Bxc4 24. bxc4 c5 25. e5 Nd7 26. e6 fxe6 27. Qxe6+ Kh7
28. d5 Nb6 29. Re1 Rbe8 30. Qe4 e6 31. Nh4 Rf6 32. Rb1 Re7 33. Qc2 exd5 34.
Nxg6 Rxe1+ 35. Rxe1 Qd8 36. cxd5 Kg8 37. Re6 Nc8 38. Qxc5 Nd6 39. Nf4 Bf8 40.
Qd4 Rxe6 41. dxe6 Qg5 42. Bd5 Be7 43. Bb3 Kh7 1-0

[Event "6MCR_4D_2L_2S"]
[Site "?"]
[Date "2004.??.??"]
[Round "?"]
[White "Pytlik, Lesek"]
[Black "Binas, Jindrich"]
[Result "1-0"]
[WhiteElo "2348"]
[BlackElo "2175"]
[PlyCount "49"]
[EventDate "2004.??.??"]
[EventType "corr"]
[SourceDate "2004.06.03"]

1. Nf3 d5 2. g3 Nf6 3. Bg2 c6 4. O-O Bf5 5. d3 e6 6. Nc3 Nbd7 7. Qe1 h6 8. e4
Bh7 9. e5 Ng8 10. a4 a5 11. Qe2 Ne7 12. Nd1 c5 13. h3 Nc6 14. Bd2 Be7 15. Nc3
d4 16. Nb5 Nb6 17. Ne1 O-O 18. f4 Qd7 19. Qf3 f6 20. exf6 Rxf6 21. Qe2 Nb4 22.
b3 N6d5 23. Rc1 Na2 24. Rd1 Nab4 25. Nf3 1-0

[Event "6MCR_4D_2L_2S"]
[Site "?"]
[Date "2004.??.??"]
[Round "?"]
[White "Pytlik, Lesek"]
[Black "Bultman, Milan"]
[Result "0-1"]
[WhiteElo "2348"]
[BlackElo "2141"]
[PlyCount "36"]
[EventDate "2004.??.??"]
[EventType "corr"]
[SourceDate "2004.06.03"]

1. Nf3 Nf6 2. g3 d5 3. Bg2 c5 4. O-O Nc6 5. d3 e5 6. Nc3 d4 7. Nb5 Be7 8. e4
Bg4 9. h3 Be6 10. Ng5 Bd7 11. f4 O-O 12. Na3 exf4 13. gxf4 h6 14. Nf3 Re8 15.
Nd2 Nh7 16. Qh5 a6 17. e5 g6 18. Qf5 Bxf5 0-1

[Event "6MCR_4D_2L_2S"]
[Site "?"]
[Date "2004.??.??"]
[Round "?"]
[White "Pytlik, Lesek"]
[Black "Hrdy, Roman"]
[Result "1-0"]
[WhiteElo "2348"]
[BlackElo "2224"]
[PlyCount "63"]
[EventDate "2004.??.??"]
[EventType "corr"]
[SourceDate "2004.06.03"]

1. e4 c5 2. Nf3 d6 3. d4 cxd4 4. Nxd4 Nf6 5. Nc3 a6 6. Bg5 e6 7. f4 Qb6 8. Nb3
Be7 9. Qf3 Nbd7 10. O-O-O Qc7 11. Bd3 b5 12. Kb1 Bb7 13. Rhe1 h6 14. Bxf6 Nxf6
15. a3 O-O-O 16. Qe3 Kb8 17. Bxb5 axb5 18. Nxb5 Qc6 19. Qa7+ Kc8 20. Qa5 Kb8
21. N3d4 Qc4 22. Rd3 Nxe4 23. Rxe4 Bxe4 24. Rc3 Qxc3 25. Nxc3 Ba8 26. Qb6+ Kc8
27. Qa7 Bb7 28. Na4 Bf6 29. Nb6+ Kc7 30. Nb5+ Kc6 31. Qa5 Ba8 32. Qa6 1-0

[Event "6MCR_4D_2L_2S"]
[Site "?"]
[Date "2004.??.??"]
[Round "?"]
[White "Pytlik, Lesek"]
[Black "Mateka, Petr"]
[Result "1-0"]
[WhiteElo "2348"]
[BlackElo "1899"]
[PlyCount "163"]
[EventDate "2004.??.??"]
[EventType "corr"]
[SourceDate "2004.06.03"]

1. e4 e5 2. Nf3 Nc6 3. d4 exd4 4. Nxd4 Qh4 5. Nb5 Qxe4+ 6. Be2 Kd8 7. O-O a6 8.
N1c3 Qe5 9. Nd5 axb5 10. Bf4 Qxb2 11. Bxc7+ Ke8 12. Nb6 Ra6 13. Nxc8 Nd4 14.
Bb6 Rxb6 15. Nxb6 Bc5 16. Nd5 Ne7 17. Bf3 Nxd5 18. Bxd5 b6 19. Qh5 Ne6 20. a4
g6 21. Qf3 Ke7 22. axb5 Qxc2 23. Ra7 Rd8 24. Bc6 Ke8 25. Qf6 Qd2 26. Qh8+ Nf8
27. Raa1 Ke7 28. Rad1 Qf4 29. g3 Qf5 30. Rd5 Ne6 31. Qa1 Qg4 32. Qa7 Nd4 33.
Rxc5 bxc5 34. Qxc5+ d6 35. Qb6 Ne6 36. Qa7+ Kf8 37. b6 Qc4 38. Bg2 Qd4 39. Ra1
d5 40. h3 h5 41. Ra4 Qb2 42. b7 d4 43. Rc4 d3 44. Bf3 d2 45. Kg2 Qc1 46. b8=Q
Qxc4 47. Qbb7 Qc7 48. Qxc7 Nxc7 49. Qxc7 d1=Q 50. Bxd1 Rxd1 51. f4 Rd2+ 52. Kf3
Rd3+ 53. Ke2 Rb3 54. f5 gxf5 55. Qc8+ Kg7 56. Qxf5 f6 57. g4 Rb2+ 58. Ke3 Rb3+
59. Kd4 hxg4 60. hxg4 Rg3 61. g5 Rxg5 62. Qd7+ Kg6 63. Qe7 Re5 64. Qf8 Kf5 65.
Qg8 Re7 66. Kc5 Re5+ 67. Kd6 Re1 68. Qg3 Re5 69. Kd7 Re4 70. Qf3+ Rf4 71. Qd5+
Kg4 72. Qg2+ Kf5 73. Ke8 Ke6 74. Qe2+ Kf5 75. Kf7 Kg5 76. Ke6 Kh4 77. Qg2 Kh5
78. Qg3 Rg4 79. Qf3 Kh4 80. Qe3 Rg3 81. Qf4+ Kh3 82. Kxf6 1-0